LEADER 00976nam a2200241 i 4500 001 000000048323 003 CaOOAMICUS 005 20120215000000.0 008 120215s1969 it u000 u ita u 013 $a19493 040 $aSeMil$bita 100 1 $aGalot, Jean,$c.$0(OLS)http://semarc/name/4876 240 10$aVainqueur par la souffrance.$0(OLS)http://semarc/title/73099 245 13$aLa "Beata passio" /$cJean Galot. 260 $aMilano :$bVita e Pensiero,$c1969. 300 $aVIII, 325 p. ;$c20 cm. 490 0 $aBiblioteca ascetica [Vita e pensiero]v42. 650 4$aGesù Cristo - Passione.$0(OLS)http://semarc/subject/2379 830 0$aBiblioteca ascetica ;$v42.$0(OLS)http://semarc/title/9193 850 $aSeMil 852 $aSeMil$W1$xVenegono$y1$m2C II 274$j14478$B14478$CSeMilBibl$Z2$F14478 $81 996 $6245$aLa "Beata passio"$9(OLS)http://semarc/title/73098 996 $6260$aMilano :$bVita e Pensiero$9(OLS)http://semarc/publisher/29642 LEADER 01162nam a2200241 i 4500 001 000000090283 003 CaOOAMICUS 005 20030801000000.0 008 030801s1978 fr u000 u fre u 013 $a62525 040 $aSeMil$bita 245 10$aGenèse /$ctraduction des deux recensions palestiniennes complètes avec introduction, parallèles, notes et index par Roger Le Déaut ; avec la collaboration de Jacques Robert. 300 $a457 p. 490 0 $aSources Chrétiennes ;$vN°245 650 4$aBibbia. Antico Testamento. Genesi - Commentari, studi, critica, interpretazioni.$0(OLS)http://semarc/subject/344 700 1 $aRobert, Jacques,$d<1941-2018>.$0(OLS)http://semarc/name/40571 700 1 $aLe Déaut, Roger,$c.$0(OLS)http://semarc/name/7270 773 0 $tTargum du Pentateuque.$dParis : Les Éditions du Cerf, 1978-1981.$gTome1$w()9812 830 0$aSources chrétiennes ;$vN°245.$0(OLS)http://semarc/title/72 850 $aSeMil 852 $aSeMil$W1$xVenegono$y1$mSL1.T V 245$j53251$B53251$CSeMilBibl$Z2$F57884 $8I 961 $aLascito: Colombo Card. Giovanni 996 $6245$aGenèse$9(OLS)http://semarc/title/136191